<?xml version="1.0" encoding="UTF-8"?>
<record
    xmlns:xsi="http://www.w3.org/2001/XMLSchema-instance"
    xsi:schemaLocation="http://www.loc.gov/MARC21/slim http://www.loc.gov/standards/marcxml/schema/MARC21slim.xsd"
    xmlns="http://www.loc.gov/MARC21/slim">

  <leader>02786nam a2200253 a 4500</leader>
  <controlfield tag="008">180207s2006    ag ||||f |||| 001 0 spa d</controlfield>
  <datafield tag="020" ind1=" " ind2=" ">
    <subfield code="a">9509009741</subfield>
  </datafield>
  <datafield tag="041" ind1=" " ind2=" ">
    <subfield code="a">spa</subfield>
  </datafield>
  <datafield tag="092" ind1=" " ind2=" ">
    <subfield code="c">320.5</subfield>
    <subfield code="l">78</subfield>
    <subfield code="s">SGU</subfield>
  </datafield>
  <datafield tag="100" ind1="1" ind2=" ">
    <subfield code="a">Sguiglia, Eduardo.</subfield>
    <subfield code="9">3510</subfield>
  </datafield>
  <datafield tag="245" ind1=" " ind2="4">
    <subfield code="a">Las ideolog&#xED;as del poder econ&#xF3;mico /</subfield>
    <subfield code="c">Eduardo Sguiglia.</subfield>
  </datafield>
  <datafield tag="250" ind1=" " ind2=" ">
    <subfield code="a">1a ed.</subfield>
  </datafield>
  <datafield tag="260" ind1=" " ind2=" ">
    <subfield code="a">Buenos Aires:</subfield>
    <subfield code="b">Edhasa;</subfield>
    <subfield code="c">2006.</subfield>
  </datafield>
  <datafield tag="300" ind1=" " ind2=" ">
    <subfield code="a">128 p.</subfield>
    <subfield code="c">15x23 cm.</subfield>
  </datafield>
  <datafield tag="500" ind1=" " ind2=" ">
    <subfield code="a">Sguiglia, E. (2006). Las ideolog&#xED;as del poder econ&#xF3;mico. (1a ed.). Buenos Aires : Edhasa.</subfield>
  </datafield>
  <datafield tag="505" ind1=" " ind2=" ">
    <subfield code="a">En los &#xFA;ltimos a&#xF1;os pocas palabras generan tanta incomodidad como la palabra ideolog&#xED;a. Es casi un sin&#xF3;nimo de fanatismo, atraso grave y una dificultad manifiesta de adaptarse a la realidad. Como si hubiera una manera de entre el mundo tal cual es, con las reglas que lo gobiernan, y otra fantasiosa, naturalmente errada, pautada por las limitaciones de una u otra ideolog&#xED;a. Los efectos de este razonamiento no son menores. Porque as&#xED; planteado de un lado queda la verdad y del otro las ideas fijas, que no aceptan los hechos tal como son y se obstinan en lo imposible. Podr&#xE1; decirse que no todos reflexionan de esta forma, y eso es cierto. Tan cierto como que as&#xED; piensan buena parte de los l&#xED;deres empresarios de nuestro pa&#xED;s, de distintas ramas de la industria. Este libro de Eduardo Sguiglia saca a la luz este compacto conjunto de ideas, que no pertenecen al plano de la teor&#xED;a sino de la acci&#xF3;n: las posiciones que sostienen los entrevistados impactan de lleno en el conjunto de los argentinos. Las decisiones que toman, lo que opinan sobre la pol&#xED;tica, sobre el respeto a las instituciones y las regla del juego, sobre los salarios, el Estado y sobre el rumbo que puede tomar el pa&#xED;s, constituye un discurso cerrado, muchas veces monol&#xED;ticos, que no se plantea como un pensamiento entre tantos otros sino como un &#xFA;nico camino: el correcto. Y naturalmente trabajan para imponerlo. Las ideolog&#xED;as del poder econ&#xF3;mico desnuda una trama de ideas que es, sobre todo, una trama de intereses que no se explicita como tal. Enfoca con precisi&#xF3;n las debilidades de ese discurso, basado en presupuestos neoliberales que la realidad viene desmintiendo desde hace a&#xF1;os, y deja en claro que la lucha por un futuro mejor exige un debate de ideas que no tiene t&#xE9;rmino, que de debe darse d&#xED;a a d&#xED;a, para no ceder a las facilidades de los falsos profetas. Cualquiera sea la ideolog&#xED;a que propongan. </subfield>
  </datafield>
  <datafield tag="590" ind1=" " ind2=" ">
    <subfield code="a">Donaci&#xF3;n de Maria Vitarelli, diciembre 2017.</subfield>
  </datafield>
  <datafield tag="653" ind1=" " ind2="5">
    <subfield code="a">Este gobierno no nos escucha.</subfield>
  </datafield>
  <datafield tag="653" ind1=" " ind2="5">
    <subfield code="a">Qu&#xE9; clase de reglas son las reglas del juego</subfield>
  </datafield>
  <datafield tag="653" ind1=" " ind2="3">
    <subfield code="a">El viejo almac&#xE9;n.</subfield>
  </datafield>
  <datafield tag="653" ind1=" " ind2=" ">
    <subfield code="a">Mercosur, globalizaci&#xF3;n y despu&#xE9;s</subfield>
  </datafield>
  <datafield tag="653" ind1=" " ind2=" ">
    <subfield code="a">Breve rese&#xF1;a de los empresarios entrevistados.</subfield>
  </datafield>
  <datafield tag="942" ind1=" " ind2=" ">
    <subfield code="2">ddc</subfield>
    <subfield code="c">LIT</subfield>
  </datafield>
  <datafield tag="999" ind1=" " ind2=" ">
    <subfield code="c">2647</subfield>
    <subfield code="d">2647</subfield>
  </datafield>
  <datafield tag="952" ind1=" " ind2=" ">
    <subfield code="0">0</subfield>
    <subfield code="1">0</subfield>
    <subfield code="2">ddc</subfield>
    <subfield code="4">0</subfield>
    <subfield code="7">0</subfield>
    <subfield code="a">BFM</subfield>
    <subfield code="b">BFM</subfield>
    <subfield code="c">CR</subfield>
    <subfield code="d">2018-02-07</subfield>
    <subfield code="e">Donaci&#xF3;n de Maria Vitarelli</subfield>
    <subfield code="l">0</subfield>
    <subfield code="o">320.5 78 SGU</subfield>
    <subfield code="p">4169</subfield>
    <subfield code="r">2018-02-07</subfield>
    <subfield code="t">Ej.1</subfield>
    <subfield code="w">2018-02-07</subfield>
    <subfield code="y">LIT</subfield>
    <subfield code="z">Donaci&#xF3;n de Maria Vitarelli, diciembre 2017.</subfield>
  </datafield>
</record>
